00358pab a2200121 454500008004000000100002100040245010300061260000900164300001300173362001200186650002700198773001100225180718b2006 xxu||||| |||| 00| 0 eng d aKumar, Nagananda aTranslating big ideas into blockbuster businesses: the challenge of managing strategic innovations c2006 ap.81-86. aJul-Sep aScientific innovations aVision